000 00808nam a2200253 a 4500
001 7653
003 BD-RjUL
005 20211208234442.0
008 140115s1968 caua 00110 eng d
035 _a(BD-RjUL)7697
040 _aDLC
_cDLC
_dIAV
_dm.c.
_dBD-RjUL
_beng
041 _aeng
082 _a519.55
_bJES 1968
_223
100 1 0 _aJenkins, Gwilym M.
_923868
245 1 0 _aSpectral analysis :
_b and its applications /
_cGwilym M. Jenkins and Donald G. Watts.
260 _aSan Francisco :
_bHolden-Day,
_cc1968.
300 _axviii, 525 p. :
_billus. ;
_c24 cm.
490 0 _aHolden-Day series in time series analysis.
504 _aIncludes bibliographies.
650 0 _aTime-series analysis.
_920577
700 1 0 _aWatts, Donald G.,
_ejoint author.
_923869
942 _2ddc
_cBK
999 _c7653
_d7653